{"text_format":"3","workbook":"xlsx","n_sheets":6,"sheets":["表-04 单位工程招标控制价汇总表","表-08 分部分项工程和单价措施项目清单与计价表","表-09 综合单价分析表","表-11 总价措施项目清单与计价表","表-12 其他项目清单与计价汇总表","表-13 规费、税金项目清单与计价表"],"read":"whole","date_system":"1900"}

{"sheet":"表-04 单位工程招标控制价汇总表","index":0,"n_rows":38,"n_cols":6,"rows_kept":38,"merged":[[0,0,0,5],[1,0,1,2],[1,4,1,5],[2,2,2,4],[3,2,3,4],[4,2,4,4],[5,2,5,4],[6,2,6,4],[7,2,7,4],[8,2,8,4],[9,2,9,4],[10,2,10,4],[11,2,11,4],[12,2,12,4],[13,2,13,4],[14,2,14,4],[15,2,15,4],[16,2,16,4],[17,2,17,4],[18,2,18,4],[19,2,19,4],[20,2,20,4],[21,2,21,4],[22,2,22,4],[23,2,23,4],[24,2,24,4],[25,2,25,4],[26,2,26,4],[27,2,27,4],[28,2,28,4],[29,2,29,4],[30,2,30,4],[31,2,31,4],[32,2,32,4],[33,2,33,4],[34,2,34,4],[35,0,35,1],[35,2,35,4],[36,0,36,5],[37,0,37,2],[37,4,37,5]]}
["单位工程招标控制价汇总表"]
["工程名称：广东以色列理工学院蒸汽管道改造项目",null,null,"标段：","第 1 页  共 1 页"]
["序号","汇总内容","金额:(元)",null,null,"其中：暂估价(元)"]
["1","分部分项合计"]
["2","措施合计"]
["2.1","绿色施工安全防护措施费"]
["2.2","其他措施费"]
["3","其他项目",{"$nulls":3},"－"]
["3.1","暂列金额"]
["3.2","暂估价"]
["3.3","计日工"]
["3.4","总承包服务费"]
["3.5","预算包干费"]
["3.6","工程优质费"]
["3.7","概算幅度差"]
["3.8","索赔费用"]
["3.9","现场签证费用"]
["3.10","其他费用"]
["4","税前工程造价"]
["5","增值税销项税额",{"$nulls":3},"－"]
["6","总造价"]
["7","人工费"]
{"$rows_empty":13}
["招标控制价合计=1+2+3+4+5",{"$nulls":4},"0.00"]
["注：本表适用于单位工程招标控制价或投标报价的汇总，如无单位工程划分，单项工程也使用本表汇总"]
[{"$nulls":4},"表—04"]

{"sheet":"表-08 分部分项工程和单价措施项目清单与计价表","index":1,"n_rows":76,"n_cols":11,"rows_kept":76,"merged":[[0,0,0,10],[1,0,1,3],[1,4,1,7],[1,8,1,10],[2,0,4,0],[2,1,4,1],[2,2,4,2],[2,3,4,4],[2,5,4,5],[2,6,4,6],[2,7,2,10],[3,7,4,8],[3,9,4,9],[5,3,5,4],[5,7,5,8],[6,3,6,4],[6,7,6,8],[7,3,7,4],[7,7,7,8],[8,3,8,4],[8,7,8,8],[9,3,9,4],[9,7,9,8],[10,3,10,4],[10,7,10,8],[11,3,11,4],[11,7,11,8],[12,3,12,4],[12,7,12,8],[13,3,13,4],[13,7,13,8],[14,3,14,4],[14,7,14,8],[15,3,15,4],[15,7,15,8],[16,0,16,8],[17,0,17,10],[18,0,18,3],[18,4,18,7],[18,8,18,10],[19,0,19,10],[20,0,20,3],[20,4,20,7],[20,8,20,10],[21,0,23,0],[21,1,23,1],[21,2,23,2],[21,3,23,4],[21,5,23,5],[21,6,23,6],[21,7,21,10],[22,7,23,8],[22,9,23,9],[24,3,24,4],[24,7,24,8],[25,3,25,4],[25,7,25,8],[26,3,26,4],[26,7,26,8],[27,3,27,4],[27,7,27,8],[28,3,28,4],[28,7,28,8],[29,3,29,4],[29,7,29,8],[30,3,30,4],[30,7,30,8],[31,3,31,4],[31,7,31,8],[32,3,32,4],[32,7,32,8],[33,3,33,4],[33,7,33,8],[34,3,34,4],[34,7,34,8],[35,3,35,4],[35,7,35,8],[36,0,36,8],[37,0,37,10],[38,0,38,3],[38,4,38,7],[38,8,38,10],[39,0,39,10],[40,0,40,3],[40,4,40,7],[40,8,40,10],[41,0,43,0],[41,1,43,1],[41,2,43,2],[41,3,43,4],[41,5,43,5],[41,6,43,6],[41,7,41,10],[42,7,43,8],[42,9,43,9],[44,3,44,4],[44,7,44,8],[45,3,45,4],[45,7,45,8],[46,3,46,4],[46,7,46,8],[47,3,47,4],[47,7,47,8],[48,3,48,4],[48,7,48,8],[49,3,49,4],[49,7,49,8],[50,3,50,4],[50,7,50,8],[51,3,51,4],[51,7,51,8],[52,3,52,4],[52,7,52,8],[53,3,53,4],[53,7,53,8],[54,3,54,4],[54,7,54,8],[55,3,55,4],[55,7,55,8],[56,3,56,4],[56,7,56,8],[57,3,57,4],[57,7,57,8],[58,3,58,4],[58,7,58,8],[59,3,59,4],[59,7,59,8],[60,3,60,4],[60,7,60,8],[61,3,61,4],[61,7,61,8],[62,3,62,4],[62,7,62,8],[63,3,63,4],[63,7,63,8],[64,3,64,4],[64,7,64,8],[65,3,65,4],[65,7,65,8],[66,3,66,4],[66,7,66,8],[67,3,67,4],[67,7,67,8],[68,3,68,4],[68,7,68,8],[69,3,69,4],[69,7,69,8],[70,3,70,4],[70,7,70,8],[71,3,71,4],[71,7,71,8],[72,0,72,8],[73,0,73,8],[74,0,74,10],[75,0,75,3],[75,4,75,7],[75,8,75,10]]}
["分部分项工程和单价措施项目清单与计价表"]
["工程名称：广东以色列理工学院蒸汽管道改造项目",{"$nulls":3},"标段：",{"$nulls":3},"第 1 页  共 3 页"]
["序号","项目编码","项目名称","项目特征描述",null,"计量单位","工程量","金额（元）"]
[{"$nulls":7},"综合单价",null,"综合合价","其中"]
[{"$nulls":10},"暂估价"]
[null,null,"整个项目"]
[1,"030802003001","316不锈无缝钢管","1.材质:316不锈无缝钢管\n2.规格:φ45×3\n3.保温:30mm岩棉，铝壳\n4.蒸汽吹扫、严密性试验\n5.其他:符合设计规范要求",null,"m",105]
[2,"030802003002","316不锈无缝钢管","1.材质:316不锈无缝钢管\n2.规格:φ32×3\n3.保温:30mm岩棉，铝壳\n4.蒸汽吹扫、严密性试验\n5.其他:符合设计规范要求",null,"m",10]
[3,"030802003003","304不锈无缝钢管","1.材质:304不锈无缝钢管\n2.规格:φ25×3\n3.保温:30mm岩棉，铝壳\n4.蒸汽吹扫、严密性试验\n5.其他:符合设计规范要求",null,"m",125]
[4,"030802003004","304不锈无缝钢管","1.材质:304不锈无缝钢管\n2.规格:φ57×3\n3.保温:30mm岩棉，铝壳\n4.蒸汽吹扫、严密性试验\n5.其他:符合设计规范要求",null,"m",20]
[5,"030808003001","不锈钢法兰截止阀","1.名称:不锈钢法兰截止阀\n2.型号、规格:DN40 Pg16\n3.其他:符合设计规范要求",null,"个",5]
[6,"030808003002","不锈钢法兰截止阀","1.名称:不锈钢法兰截止阀\n2.型号、规格:DN25 Pg16\n3.其他:符合设计规范要求",null,"个",3]
[7,"030808003003","不锈钢法兰式过滤器","1.名称:不锈钢法兰式过滤器\n2.型号、规格:DN40 Pg16\n3.其他:符合设计规范要求",null,"个",1]
[8,"030808003004","蒸汽减压阀","1.名称:蒸汽减压阀\n2.型号、规格:DN40 Pg16\n3.其他:符合设计规范要求",null,"个",1]
[9,"030808003005","针型阀+压力表+缓冲管","1.名称:针型阀+压力表+缓冲管\n2.其他:符合设计规范要求",null,"套",4]
[10,"030808003006","安全阀","1.名称:安全阀\n2.型号、规格:DN40 0.3-0.7\n3.其他:符合设计规范要求",null,"个",1]
["本页小计"]
["注：为计取规费等的使用，可在表中增设其中：“定额人工费”。"]
[{"$nulls":8},"表—08"]
["分部分项工程和单价措施项目清单与计价表"]
["工程名称：广东以色列理工学院蒸汽管道改造项目",{"$nulls":3},"标段：",{"$nulls":3},"第 2 页  共 3 页"]
["序号","项目编码","项目名称","项目特征描述",null,"计量单位","工程量","金额（元）"]
[{"$nulls":7},"综合单价",null,"综合合价","其中"]
[{"$nulls":10},"暂估价"]
[11,"030808003007","疏水阀（组）","1.名称:疏水阀（组）\n2.材质:不锈钢\n3.型号、规格:DN20（含3个球阀）\n4.其他:符合设计规范要求",null,"套",3]
[12,"030817002002","不锈钢分汽缸","1.名称:不锈钢分汽缸\n2.材质、规格:￠159（设计10MPa）\n3.保温:10mm岩棉，铝壳\n4.其他:符合设计规范要求",null,"台",1]
[13,"030811004001","不锈钢法兰","1.材质:不锈钢法兰盘\n2.型号、规格:DN40 Pg16\n3.其他:符合设计规范要求",null,"片",12]
[14,"030811004002","不锈钢法兰","1.材质:不锈钢法兰盘\n2.型号、规格:DN32 Pg16\n3.其他:符合设计规范要求",null,"片",3]
[15,"030811004003","不锈钢法兰","1.材质:不锈钢法兰盘\n2.型号、规格:DN25 Pg16\n3.其他:符合设计规范要求",null,"片",8]
[16,"030805003001","不锈钢管件","1.材质:不锈钢冲压弯头\n2.规格:φ45\n3.其他:符合设计规范要求",null,"个",30]
[17,"030805003002","不锈钢管件","1.材质:不锈钢冲压弯头\n2.规格:φ25\n3.其他:符合设计规范要求",null,"个",30]
[18,"031003009001","不锈钢补偿器","1.类型:不锈钢补偿器\n2.规格、压力等级:DN32 Pg16\n3.其他:符合设计规范要求",null,"个",1]
[19,"030805003003","不锈钢管件","1.材质:不锈钢大小头\n2.规格:φ45 变 φ32\n3.其他:符合设计规范要求",null,"个",3]
[20,"030805003004","不锈钢管件","1.材质:不锈钢大小头\n2.规格:φ45 变 φ25\n3.其他:符合设计规范要求",null,"个",2]
[21,"030815001001","管架制作安装","1.名称:50角钢支架\n2.其他:符合设计规范要求",null,"个",30]
[22,"030413003001","机械钻孔","1.名称:机械钻孔(洞) 混凝土(孔径mm以内) φ65",null,"个",3]
["本页小计"]
["注：为计取规费等的使用，可在表中增设其中：“定额人工费”。"]
[{"$nulls":8},"表—08"]
["分部分项工程和单价措施项目清单与计价表"]
["工程名称：广东以色列理工学院蒸汽管道改造项目",{"$nulls":3},"标段：",{"$nulls":3},"第 3 页  共 3 页"]
["序号","项目编码","项目名称","项目特征描述",null,"计量单位","工程量","金额（元）"]
[{"$nulls":7},"综合单价",null,"综合合价","其中"]
[{"$nulls":10},"暂估价"]
[23,"011606003001","拆装600*600天花面板","1.拆装600*600天花面板",null,"m2",80]
[24,"011606003002","拆装格栅天花","1.拆装格栅天花",null,"m2",200]
[null,null,"措施项目"]
[25,"031302007001","高层施工增加",null,null,"项",1]
[26,"031301017001","脚手架搭拆费",null,null,"项",1]
{"$rows_empty":23}
["本页小计"]
["合   计"]
["注：为计取规费等的使用，可在表中增设其中：“定额人工费”。"]
[{"$nulls":8},"表—08"]

{"sheet":"表-09 综合单价分析表","index":2,"n_rows":662,"n_cols":14,"rows_kept":662,"merged":[[388,0,388,1],[390,0,393,0],[390,1,390,5],[390,7,390,8],[390,9,390,10],[390,13,390,13],[391,1,391,5],[391,7,391,8],[391,9,391,10],[391,13,391,13],[392,1,392,8],[392,9,392,10],[392,13,392,13],[393,1,393,8],[393,9,393,10],[393,13,393,13],[394,0,394,0],[394,1,394,5],[394,7,394,8],[394,9,394,10],[394,13,394,13],[395,0,395,0],[395,1,395,5],[395,7,395,8],[395,9,395,10],[395,13,395,13],[396,0,396,0],[396,1,396,5],[396,7,396,8],[396,9,396,10],[396,13,396,13],[397,0,397,0],[397,1,397,5],[397,7,397,8],[397,9,397,10],[397,13,397,13],[398,0,398,0],[398,1,398,5],[398,7,398,8],[398,9,398,10],[398,13,398,13],[399,0,399,0],[399,1,399,5],[399,7,399,8],[399,9,399,10],[399,13,399,13],[400,0,400,13],[401,0,401,7],[401,8,401,9],[401,10,401,13],[402,0,402,13],[403,0,403,7],[403,8,403,9],[403,10,403,13],[404,0,404,1],[404,2,404,3],[404,5,404,8],[404,9,404,10],[404,13,404,13],[405,0,405,13],[406,0,407,0],[406,1,407,1],[406,2,407,2],[406,3,407,3],[406,4,406,8],[406,9,406,13],[407,7,407,8],[407,9,407,10],[407,13,407,13],[408,7,408,8],[408,9,408,10],[408,13,408,13],[409,0,409,1],[409,2,409,8],[409,9,409,10],[409,13,409,13],[410,0,410,1],[410,2,410,8],[410,9,410,13],[411,0,411,8],[411,9,411,13],[412,0,415,0],[412,1,412,5],[412,7,412,8],[412,9,412,10],[412,13,412,13],[413,1,413,5],[413,7,413,8],[413,9,413,10],[413,13,413,13],[414,1,414,8],[414,9,414,10],[414,13,414,13],[415,1,415,8],[415,9,415,10],[415,13,415,13],[416,0,416,0],[416,1,416,5],[416,7,416,8],[416,9,416,10],[416,13,416,13],[417,0,417,0],[417,1,417,5],[417,7,417,8],[417,9,417,10],[417,13,417,13],[418,0,418,0],[418,1,418,5],[418,7,418,8],[418,9,418,10],[418,13,418,13],[419,0,419,0],[419,1,419,5],[419,7,419,8],[419,9,419,10],[419,13,419,13],[420,0,420,0],[420,1,420,5],[420,7,420,8],[420,9,420,10],[420,13,420,13],[421,0,421,0],[421,1,421,5],[421,7,421,8],[421,9,421,10],[421,13,421,13],[422,0,422,13],[423,0,423,7],[423,8,423,9],[423,10,423,13],[424,0,424,13],[425,0,425,7],[425,8,425,9],[425,10,425,13],[426,0,426,1],[426,2,426,3],[426,5,426,8],[426,9,426,10],[426,13,426,13],[427,0,427,13],[428,0,429,0],[428,1,429,1],[428,2,429,2],[428,3,429,3],[428,4,428,8],[428,9,428,13],[429,7,429,8],[429,9,429,10],[429,13,429,13],[430,7,430,8],[430,9,430,10],[430,13,430,13],[431,0,431,1],[431,2,431,8],[431,9,431,10],[431,13,431,13],[432,0,432,1],[432,2,432,8],[432,9,432,13],[433,0,433,8],[433,9,433,13],[434,0,437,0],[434,1,434,5],[434,7,434,8],[434,9,434,10],[434,13,434,13],[435,1,435,5],[435,7,435,8],[435,9,435,10],[435,13,435,13],[436,1,436,8],[436,9,436,10],[436,13,436,13],[437,1,437,8],[437,9,437,10],[437,13,437,13],[438,0,438,0],[438,1,438,5],[438,7,438,8],[438,9,438,10],[438,13,438,13],[439,0,439,0],[439,1,439,5],[439,7,439,8],[439,9,439,10],[439,13,439,13],[440,0,440,0],[440,1,440,5],[440,7,440,8],[440,9,440,10],[440,13,440,13],[441,0,441,0],[441,1,441,5],[441,7,441,8],[441,9,441,10],[441,13,441,13],[442,0,442,0],[442,1,442,5],[442,7,442,8],[442,9,442,10],[442,13,442,13],[443,0,443,0],[443,1,443,5],[443,7,443,8],[443,9,443,10],[443,13,443,13],[444,0,444,13],[445,0,445,7],[445,8,445,9],[445,10,445,13],[446,0,446,13],[447,0,447,7],[447,8,447,9],[447,10,447,13],[448,0,448,1],[448,2,448,3],[448,5,448,8],[448,9,448,10],[448,13,448,13],[449,0,449,13],[450,0,451,0],[450,1,451,1],[450,2,451,2],[450,3,451,3],[450,4,450,8],[450,9,450,13],[451,7,451,8],[451,9,451,10],[451,13,451,13],[452,7,452,8],[452,9,452,10],[452,13,452,13],[453,0,453,1],[453,2,453,8],[453,9,453,10],[453,13,453,13],[454,0,454,1],[454,2,454,8],[454,9,454,13],[455,0,455,8],[455,9,455,13],[456,0,459,0],[456,1,456,5],[456,7,456,8],[456,9,456,10],[456,13,456,13],[457,1,457,5],[457,7,457,8],[457,9,457,10],[457,13,457,13],[458,1,458,8],[458,9,458,10],[458,13,458,13],[459,1,459,8],[459,9,459,10],[459,13,459,13],[460,0,460,0],[460,1,460,5],[460,7,460,8],[460,9,460,10],[460,13,460,13],[461,0,461,0],[461,1,461,5],[461,7,461,8],[461,9,461,10],[461,13,461,13],[462,0,462,0],[462,1,462,5],[462,7,462,8],[462,9,462,10],[462,13,462,13],[463,0,463,0],[463,1,463,5],[463,7,463,8],[463,9,463,10],[463,13,463,13],[464,0,464,0],[464,1,464,5],[464,7,464,8],[464,9,464,10],[464,13,464,13],[465,0,465,0],[465,1,465,5],[465,7,465,8],[465,9,465,10],[465,13,465,13],[466,0,466,13],[467,0,467,7],[467,8,467,9],[467,10,467,13],[468,0,468,13],[469,0,469,7],[469,8,469,9],[469,10,469,13],[470,0,470,1],[470,2,470,3],[470,5,470,8],[470,9,470,10],[470,13,470,13],[471,0,471,13],[472,0,473,0],[472,1,473,1],[472,2,473,2],[472,3,473,3],[472,4,472,8],[472,9,472,13],[473,7,473,8],[473,9,473,10],[473,13,473,13],[474,7,474,8],[474,9,474,10],[474,13,474,13],[475,0,475,1],[475,2,475,8],[475,9,475,10],[475,13,475,13],[476,0,476,1],[476,2,476,8],[476,9,476,13],[477,0,477,8],[477,9,477,13],[478,0,481,0],[478,1,478,5],[478,7,478,8],[478,9,478,10],[478,13,478,13],[479,1,479,5],[479,7,479,8],[479,9,479,10],[479,13,479,13],[480,1,480,8],[480,9,480,10],[480,13,480,13],[481,1,481,8],[481,9,481,10],[481,13,481,13],[482,0,482,0],[482,1,482,5],[482,7,482,8],[482,9,482,10],[482,13,482,13],[483,0,483,0],[483,1,483,5],[483,7,483,8],[483,9,483,10],[483,13,483,13],[484,0,484,0],[484,1,484,5],[484,7,484,8],[484,9,484,10],[484,13,484,13],[485,0,485,0],[485,1,485,5],[485,7,485,8],[485,9,485,10],[485,13,485,13],[486,0,486,0],[486,1,486,5],[486,7,486,8],[486,9,486,10],[486,13,486,13],[487,0,487,0],[487,1,487,5],[487,7,487,8],[487,9,487,10],[487,13,487,13],[488,0,488,13],[489,0,489,7],[489,8,489,9],[489,10,489,13],[490,0,490,13],[491,0,491,7],[491,8,491,9],[491,10,491,13],[492,0,492,1],[492,2,492,3],[492,5,492,8],[492,9,492,10],[492,13,492,13],[493,0,493,13],[494,0,495,0],[494,1,495,1],[494,2,495,2],[494,3,495,3],[494,4,494,8],[494,9,494,13],[495,7,495,8],[495,9,495,10],[495,13,495,13],[496,7,496,8],[496,9,496,10],[496,13,496,13],[497,0,497,1],[497,2,497,8],[497,9,497,10],[497,13,497,13],[498,0,498,1],[498,2,498,8],[498,9,498,13],[499,0,499,8],[499,9,499,13],[500,0,503,0],[500,1,500,5],[500,7,500,8],[500,9,500,10],[500,13,500,13],[501,1,501,5],[501,7,501,8],[501,9,501,10],[501,13,501,13],[502,1,502,8],[502,9,502,10],[502,13,502,13],[503,1,503,8],[503,9,503,10],[503,13,503,13],[504,0,504,0],[504,1,504,5],[504,7,504,8],[504,9,504,10],[504,13,504,13],[505,0,505,0],[505,1,505,5],[505,7,505,8],[505,9,505,10],[505,13,505,13],[506,0,506,0],[506,1,506,5],[506,7,506,8],[506,9,506,10],[506,13,506,13],[507,0,507,0],[507,1,507,5],[507,7,507,8],[507,9,507,10],[507,13,507,13],[508,0,508,0],[508,1,508,5],[508,7,508,8],[508,9,508,10],[508,13,508,13],[509,0,509,0],[509,1,509,5],[509,7,509,8],[509,9,509,10],[509,13,509,13],[510,0,510,13],[511,0,511,7],[511,8,511,9],[511,10,511,13],[512,0,512,13],[513,0,513,7],[513,8,513,9],[513,10,513,13],[514,0,514,1],[514,2,514,3],[514,5,514,8],[514,9,514,10],[514,13,514,13],[515,0,515,13],[516,0,517,0],[516,1,517,1],[516,2,517,2],[516,3,517,3],[516,4,516,8],[516,9,516,13],[517,7,517,8],[517,9,517,10],[517,13,517,13],[518,7,518,8],[518,9,518,10],[518,13,518,13],[519,0,519,1],[519,2,519,8],[519,9,519,10],[519,13,519,13],[520,0,520,1],[520,2,520,8],[520,9,520,13],[521,0,521,8],[521,9,521,13],[522,0,525,0],[522,1,522,5],[522,7,522,8],[522,9,522,10],[522,13,522,13],[523,1,523,5],[523,7,523,8],[523,9,523,10],[523,13,523,13],[524,1,524,8],[524,9,524,10],[524,13,524,13],[525,1,525,8],[525,9,525,10],[525,13,525,13],[526,0,526,0],[526,1,526,5],[526,7,526,8],[526,9,526,10],[526,13,526,13],[527,0,527,0],[527,1,527,5],[527,7,527,8],[527,9,527,10],[527,13,527,13],[528,0,528,0],[528,1,528,5],[528,7,528,8],[528,9,528,10],[528,13,528,13],[529,0,529,0],[529,1,529,5],[529,7,529,8],[529,9,529,10],[529,13,529,13],[530,0,530,0],[530,1,530,5],[530,7,530,8],[530,9,530,10],[530,13,530,13],[531,0,531,0],[531,1,531,5],[531,7,531,8],[531,9,531,10],[531,13,531,13],[532,0,532,13],[533,0,533,7],[533,8,533,9],[533,10,533,13],[534,0,534,13],[535,0,535,7],[535,8,535,9],[535,10,535,13],[536,0,536,1],[536,2,536,3],[536,5,536,8],[536,9,536,10],[536,13,536,13],[537,0,537,13],[538,0,539,0],[538,1,539,1],[538,2,539,2],[538,3,539,3],[538,4,538,8],[538,9,538,13],[539,7,539,8],[539,9,539,10],[539,13,539,13],[540,7,540,8],[540,9,540,10],[540,13,540,13],[541,0,541,1],[541,2,541,8],[541,9,541,10],[541,13,541,13],[542,0,542,1],[542,2,542,8],[542,9,542,13],[543,0,543,8],[543,9,543,13],[544,0,547,0],[544,1,544,5],[544,7,544,8],[544,9,544,10],[544,13,544,13],[545,1,545,5],[545,7,545,8],[545,9,545,10],[545,13,545,13],[546,1,546,8],[546,9,546,10],[546,13,546,13],[547,1,547,8],[547,9,547,10],[547,13,547,13],[548,0,548,0],[548,1,548,5],[548,7,548,8],[548,9,548,10],[548,13,548,13],[549,0,549,0],[549,1,549,5],[549,7,549,8],[549,9,549,10],[549,13,549,13],[550,0,550,0],[550,1,550,5],[550,7,550,8],[550,9,550,10],[550,13,550,13],[551,0,551,0],[551,1,551,5],[551,7,551,8],[551,9,551,10],[551,13,551,13],[552,0,552,0],[552,1,552,5],[552,7,552,8],[552,9,552,10],[552,13,552,13],[553,0,553,0],[553,1,553,5],[553,7,553,8],[553,9,553,10],[553,13,553,13],[554,0,554,0],[554,1,554,5],[554,7,554,8],[554,9,554,10],[554,13,554,13],[555,0,555,13],[556,0,556,7],[556,8,556,9],[556,10,556,13],[557,0,557,13],[558,0,558,7],[558,8,558,9],[558,10,558,13],[559,0,559,1],[559,2,559,3],[559,5,559,8],[559,9,559,10],[559,13,559,13],[560,0,560,13],[561,0,562,0],[561,1,562,1],[561,2,562,2],[561,3,562,3],[561,4,561,8],[561,9,561,13],[562,7,562,8],[562,9,562,10],[562,13,562,13],[563,7,563,8],[563,9,563,10],[563,13,563,13],[564,0,564,1],[564,2,564,8],[564,9,564,10],[564,13,564,13],[565,0,565,1],[565,2,565,8],[565,9,565,13],[566,0,566,8],[566,9,566,13],[567,0,567,0],[567,1,567,5],[567,7,567,8],[567,9,567,10],[567,13,567,13],[568,0,568,0],[568,1,568,5],[568,7,568,8],[568,9,568,10],[568,13,568,13],[569,0,569,0],[569,1,569,5],[569,7,569,8],[569,9,569,10],[569,13,569,13],[570,0,570,0],[570,1,570,5],[570,7,570,8],[570,9,570,10],[570,13,570,13],[571,0,571,0],[571,1,571,5],[571,7,571,8],[571,9,571,10],[571,13,571,13],[572,0,572,0],[572,1,572,5],[572,7,572,8],[572,9,572,10],[572,13,572,13],[573,0,573,0],[573,1,573,5],[573,7,573,8],[573,9,573,10],[573,13,573,13],[574,0,574,0],[574,1,574,5],[574,7,574,8],[574,9,574,10],[574,13,574,13],[575,0,575,0],[575,1,575,5],[575,7,575,8],[575,9,575,10],[575,13,575,13],[576,0,576,13],[577,0,577,7],[577,8,577,9],[577,10,577,13],[578,0,578,13],[579,0,579,7],[579,8,579,9],[579,10,579,13],[580,0,580,1],[580,2,580,3],[580,5,580,8],[580,9,580,10],[580,13,580,13],[581,0,581,13],[582,0,583,0],[582,1,583,1],[582,2,583,2],[582,3,583,3],[582,4,582,8],[582,9,582,13],[583,7,583,8],[583,9,583,10],[583,13,583,13],[584,7,584,8],[584,9,584,10],[584,13,584,13],[585,7,585,8],[585,9,585,10],[585,13,585,13],[586,0,586,1],[586,2,586,8],[586,9,586,10],[586,13,586,13],[587,0,587,1],[587,2,587,8],[587,9,587,13],[588,0,588,8],[588,9,588,13],[589,0,591,0],[589,1,589,5],[589,7,589,8],[589,9,589,10],[589,13,589,13],[590,1,590,8],[590,9,590,10],[590,13,590,13],[591,1,591,8],[591,9,591,10],[591,13,591,13],[592,0,592,0],[592,1,592,5],[592,7,592,8],[592,9,592,10],[592,13,592,13],[593,0,593,0],[593,1,593,5],[593,7,593,8],[593,9,593,10],[593,13,593,13],[594,0,594,0],[594,1,594,5],[594,7,594,8],[594,9,594,10],[594,13,594,13],[595,0,595,0],[595,1,595,5],[595,7,595,8],[595,9,595,10],[595,13,595,13],[596,0,596,0],[596,1,596,5],[596,7,596,8],[596,9,596,10],[596,13,596,13],[597,0,597,13],[598,0,598,7],[598,8,598,9],[598,10,598,13],[599,0,599,13],[600,0,600,7],[600,8,600,9],[600,10,600,13],[601,0,601,1],[601,2,601,3],[601,5,601,8],[601,9,601,10],[601,13,601,13],[602,0,602,13],[603,0,604,0],[603,1,604,1],[603,2,604,2],[603,3,604,3],[603,4,603,8],[603,9,603,13],[604,7,604,8],[604,9,604,10],[604,13,604,13],[605,7,605,8],[605,9,605,10],[605,13,605,13],[606,7,606,8],[606,9,606,10],[606,13,606,13],[607,0,607,1],[607,2,607,8],[607,9,607,10],[607,13,607,13],[608,0,608,1],[608,2,608,8],[608,9,608,13],[609,0,609,8],[609,9,609,13],[610,0,612,0],[610,1,610,5],[610,7,610,8],[610,9,610,10],[610,13,610,13],[611,1,611,8],[611,9,611,10],[611,13,611,13],[612,1,612,8],[612,9,612,10],[612,13,612,13],[613,0,613,0],[613,1,613,5],[613,7,613,8],[613,9,613,10],[613,13,613,13],[614,0,614,0],[614,1,614,5],[614,7,614,8],[614,9,614,10],[614,13,614,13],[615,0,615,0],[615,1,615,5],[615,7,615,8],[615,9,615,10],[615,13,615,13],[616,0,616,0],[616,1,616,5],[616,7,616,8],[616,9,616,10],[616,13,616,13],[617,0,617,0],[617,1,617,5],[617,7,617,8],[617,9,617,10],[617,13,617,13],[618,0,618,13],[619,0,619,7],[619,8,619,9],[619,10,619,13],[620,0,620,13],[621,0,621,7],[621,8,621,9],[621,10,621,13],[622,0,622,1],[622,2,622,3],[622,5,622,8],[622,9,622,10],[622,13,622,13],[623,0,623,13],[624,0,625,0],[624,1,625,1],[624,2,625,2],[624,3,625,3],[624,4,624,8],[624,9,624,13],[625,7,625,8],[625,9,625,10],[625,13,625,13],[626,0,626,1],[626,2,626,8],[626,9,626,13],[627,0,627,8],[627,9,627,13],[628,0,628,0],[628,1,628,5],[628,7,628,8],[628,9,628,10],[628,13,628,13],[629,0,629,0],[629,1,629,5],[629,7,629,8],[629,9,629,10],[629,13,629,13],[630,0,630,0],[630,1,630,5],[630,7,630,8],[630,9,630,10],[630,13,630,13],[631,0,631,0],[631,1,631,5],[631,7,631,8],[631,9,631,10],[631,13,631,13],[632,0,632,0],[632,1,632,5],[632,7,632,8],[632,9,632,10],[632,13,632,13],[633,0,633,0],[633,1,633,5],[633,7,633,8],[633,9,633,10],[633,13,633,13],[634,0,634,0],[634,1,634,5],[634,7,634,8],[634,9,634,10],[634,13,634,13],[635,0,635,0],[635,1,635,5],[635,7,635,8],[635,9,635,10],[635,13,635,13],[636,0,636,0],[636,1,636,5],[636,7,636,8],[636,9,636,10],[636,13,636,13],[637,0,637,0],[637,1,637,5],[637,7,637,8],[637,9,637,10],[637,13,637,13],[638,0,638,0],[638,1,638,5],[638,7,638,8],[638,9,638,10],[638,13,638,13],[639,0,639,13],[640,0,640,7],[640,8,640,9],[640,10,640,13],[641,0,641,13],[642,0,642,7],[642,8,642,9],[642,10,642,13],[643,0,643,1],[643,2,643,3],[643,5,643,8],[643,9,643,10],[643,13,643,13],[644,0,644,13],[645,0,646,0],[645,1,646,1],[645,2,646,2],[645,3,646,3],[645,4,645,8],[645,9,645,13],[646,7,646,8],[646,9,646,10],[646,13,646,13],[647,7,647,8],[647,9,647,10],[647,13,647,13],[648,7,648,8],[648,9,648,10],[648,13,648,13],[649,0,649,1],[649,2,649,8],[649,9,649,10],[649,13,649,13],[650,0,650,1],[650,2,650,8],[650,9,650,13],[651,0,651,8],[651,9,651,13],[652,0,654,0],[652,1,652,5],[652,7,652,8],[652,9,652,10],[652,13,652,13],[653,1,653,8],[653,9,653,10],[653,13,653,13],[654,1,654,8],[654,9,654,10],[654,13,654,13],[655,0,655,0],[655,1,655,5],[655,7,655,8],[655,9,655,10],[655,13,655,13],[656,0,656,0],[656,1,656,5],[656,7,656,8],[656,9,656,10],[656,13,656,13],[657,0,657,0],[657,1,657,5],[657,7,657,8],[657,9,657,10],[657,13,657,13],[658,0,658,0],[658,1,658,5],[658,7,658,8],[658,9,658,10],[658,13,658,13],[659,0,659,0],[659,1,659,5],[659,7,659,8],[659,9,659,10],[659,13,659,13],[660,0,660,13],[661,0,661,7],[661,8,661,9],[661,10,661,13]],"merged_total":2443,"flags":["merged_cut"]}
["综合单价分析表"]
["工程名称：广东以色列理工学院蒸汽管道改造项目",{"$nulls":7},"标段：",null,"第 1 页  共 30 页"]
["项目编码",null,"030802003001",null,"项目名称","316不锈无缝钢管",{"$nulls":3},"计量单位",null,"m","工程量",105]
["清单综合单价组成明细"]
["定额编号","定额项目名称","定额\n单位","数量","单价",{"$nulls":4},"合价"]
[{"$nulls":4},"人工费","材料费","机具费","管理费\n和利润",null,"人工费",null,"材料费","机具费","管理费\n和利润"]
["C8-2-133","低压 不锈钢管(氩弧焊) 公称直径(mm以内) 40","10m",0.1,84.05,533.19,11.01,46.91,null,8.41,null,53.32,1.1,4.69]
["C8-17-138","低中压管道气压试验 公称直径(mm以内) 50","100m",0.01,219.48,23.57,30.46,123.35,null,2.19,null,0.24,0.3,1.23]
["C8-17-183","蒸汽吹扫 公称直径(mm以内) 50","100m",0.01,191.18,457.48,7.06,97.83,null,1.91,null,4.57,0.07,0.98]
["C12-5-38","纤维类制品(管壳、棉管)安装 管道φ57以下 厚度(mm以内) 40","m3",0.0071,597.33,1666.88,32.61,255.51,null,4.22,null,11.78,0.23,1.81]
["C12-5-217","防潮层、保护层安装 铁皮保护层 铆钉固定","10m2",0.033,32.84,575.01,null,13.32,null,1.08,null,18.96,null,0.44]
["人工单价",null,"小计",{"$nulls":6},17.81,null,88.87,1.7,9.15]
[null,null,"未计价材料费",{"$nulls":6},83.25]
["清单项目综合单价",{"$nulls":8},117.53]
["材\n料\n费\n明\n细","主要材料名称、规格、型号",{"$nulls":4},"单位","数量",null,"单价（元）",null,"合价（元）","暂估单价\n（元）","暂估合价\n（元）"]
[null,"铝箔胶带 20m",{"$nulls":4},"卷",0.0124,null,65.6,null,0.81]
[null,"30mm岩棉 ",{"$nulls":4},"m3",0.0074,null,1450,null,10.73]
[null,"铝皮1.0mm ",{"$nulls":4},"m2",0.3956,null,47.72,null,18.88]
["注：1.如不使用省级或行业建设主管部门发布的计价依据，可不填定额编码、名称等；\n    2.招标文件提供了暂估单价的材料，按暂估的单价填入表内“暂估单价”栏及“暂估合价”栏。"]
[{"$nulls":10},"表-09"]
["综合单价分析表"]
["工程名称：广东以色列理工学院蒸汽管道改造项目",{"$nulls":7},"标段：",null,"第 2 页  共 30 页"]
[null,"316不锈无缝钢管φ45×3 ",{"$nulls":4},"m",0.974,null,54.21,null,52.8]
[null,"其他材料费",{"$nulls":7},"-",null,5.62,"-"]
[null,"材料费小计",{"$nulls":7},"-",null,88.84,"-"]
{"$rows_empty":17}
["注：1.如不使用省级或行业建设主管部门发布的计价依据，可不填定额编码、名称等；\n    2.招标文件提供了暂估单价的材料，按暂估的单价填入表内“暂估单价”栏及“暂估合价”栏。"]
[{"$nulls":10},"表-09"]
["综合单价分析表"]
["工程名称：广东以色列理工学院蒸汽管道改造项目",{"$nulls":7},"标段：",null,"第 3 页  共 30 页"]
["项目编码",null,"030802003002",null,"项目名称","316不锈无缝钢管",{"$nulls":3},"计量单位",null,"m","工程量",10]
["清单综合单价组成明细"]
["定额编号","定额项目名称","定额\n单位","数量","单价",{"$nulls":4},"合价"]
[{"$nulls":4},"人工费","材料费","机具费","管理费\n和利润",null,"人工费",null,"材料费","机具费","管理费\n和利润"]
["C8-2-132","低压 不锈钢管(氩弧焊) 公称直径(mm以内) 32","10m",0.1,70.71,346.99,7.23,38.47,null,7.07,null,34.7,0.72,3.85]
["C8-17-183","蒸汽吹扫 公称直径(mm以内) 50","100m",0.01,191.18,457.48,7.06,97.83,null,1.91,null,4.57,0.07,0.98]
["C12-5-38","纤维类制品(管壳、棉管)安装 管道φ57以下 厚度(mm以内) 40","m3",0.0058,597.33,1666.88,32.61,255.51,null,3.49,null,9.74,0.19,1.49]
["C8-17-138","低中压管道气压试验 公称直径(mm以内) 50","100m",0.01,219.48,23.57,30.46,123.35,null,2.19,null,0.24,0.3,1.23]
["C12-5-217","防潮层、保护层安装 铁皮保护层 铆钉固定","10m2",0.0289,32.84,575.01,null,13.32,null,0.95,null,16.61,null,0.38]
["人工单价",null,"小计",{"$nulls":6},15.61,null,65.86,1.28,7.93]
[null,null,"未计价材料费",{"$nulls":6},60.4]
["清单项目综合单价",{"$nulls":8},90.7]
["材\n料\n费\n明\n细","主要材料名称、规格、型号",{"$nulls":4},"单位","数量",null,"单价（元）",null,"合价（元）","暂估单价\n（元）","暂估合价\n（元）"]
[null,"铝箔胶带 20m",{"$nulls":4},"卷",0.0102,null,65.6,null,0.67]
[null,"30mm岩棉 ",{"$nulls":4},"m3",0.0061,null,1450,null,8.85]
[null,"铝皮1.0mm ",{"$nulls":4},"m2",0.3467,null,47.72,null,16.54]
["注：1.如不使用省级或行业建设主管部门发布的计价依据，可不填定额编码、名称等；\n    2.招标文件提供了暂估单价的材料，按暂估的单价填入表内“暂估单价”栏及“暂估合价”栏。"]
[{"$nulls":10},"表-09"]
["综合单价分析表"]
["工程名称：广东以色列理工学院蒸汽管道改造项目",{"$nulls":7},"标段：",null,"第 4 页  共 30 页"]
[null,"316不锈无缝钢管φ32×3 ",{"$nulls":4},"m",0.984,null,34.85,null,34.29]
[null,"其他材料费",{"$nulls":7},"-",null,5.44,"-"]
[null,"材料费小计",{"$nulls":7},"-",null,65.79,"-"]
{"$rows_empty":17}
["注：1.如不使用省级或行业建设主管部门发布的计价依据，可不填定额编码、名称等；\n    2.招标文件提供了暂估单价的材料，按暂估的单价填入表内“暂估单价”栏及“暂估合价”栏。"]
[{"$nulls":10},"表-09"]
["综合单价分析表"]
["工程名称：广东以色列理工学院蒸汽管道改造项目",{"$nulls":7},"标段：",null,"第 5 页  共 30 页"]
["项目编码",null,"030802003003",null,"项目名称","304不锈无缝钢管",{"$nulls":3},"计量单位",null,"m","工程量",125]
["清单综合单价组成明细"]
["定额编号","定额项目名称","定额\n单位","数量","单价",{"$nulls":4},"合价"]
[{"$nulls":4},"人工费","材料费","机具费","管理费\n和利润",null,"人工费",null,"材料费","机具费","管理费\n和利润"]
["C8-2-131","低压 不锈钢管(氩弧焊) 公称直径(mm以内) 25","10m",0.1,63.23,263.61,6.01,34.17,null,6.32,null,26.36,0.6,3.42]
["C8-17-138","低中压管道气压试验 公称直径(mm以内) 50","100m",0.01,219.48,23.57,30.46,123.35,null,2.19,null,0.24,0.3,1.23]
["C8-17-183","蒸汽吹扫 公称直径(mm以内) 50","100m",0.01,191.18,457.48,7.06,97.83,null,1.91,null,4.57,0.07,0.98]
["C12-5-38","纤维类制品(管壳、棉管)安装 管道φ57以下 厚度(mm以内) 40","m3",0.0052,597.33,1666.88,32.61,255.51,null,3.09,null,8.64,0.17,1.32]
["C12-5-217","防潮层、保护层安装 铁皮保护层 铆钉固定","10m2",0.0267,32.84,575.01,null,13.32,null,0.88,null,15.35,null,0.36]
["人工单价",null,"小计",{"$nulls":6},14.39,null,55.16,1.14,7.31]
[null,null,"未计价材料费",{"$nulls":6},49.78]
["清单项目综合单价",{"$nulls":8},78.01]
["材\n料\n费\n明\n细","主要材料名称、规格、型号",{"$nulls":4},"单位","数量",null,"单价（元）",null,"合价（元）","暂估单价\n（元）","暂估合价\n（元）"]
[null,"铝箔胶带 20m",{"$nulls":4},"卷",0.0091,null,65.6,null,0.6]
[null,"30mm岩棉 ",{"$nulls":4},"m3",0.0054,null,1450,null,7.83]
[null,"铝皮1.0mm ",{"$nulls":4},"m2",0.3203,null,47.72,null,15.28]
["注：1.如不使用省级或行业建设主管部门发布的计价依据，可不填定额编码、名称等；\n    2.招标文件提供了暂估单价的材料，按暂估的单价填入表内“暂估单价”栏及“暂估合价”栏。"]
[{"$nulls":10},"表-09"]
["综合单价分析表"]
["工程名称：广东以色列理工学院蒸汽管道改造项目",{"$nulls":7},"标段：",null,"第 6 页  共 30 页"]
[null,"304不锈无缝钢管φ25×3 ",{"$nulls":4},"m",0.984,null,26.43,null,26.01]
[null,"其他材料费",{"$nulls":7},"-",null,5.38,"-"]
[null,"材料费小计",{"$nulls":7},"-",null,55.1,"-"]
{"$rows_empty":17}
["注：1.如不使用省级或行业建设主管部门发布的计价依据，可不填定额编码、名称等；\n    2.招标文件提供了暂估单价的材料，按暂估的单价填入表内“暂估单价”栏及“暂估合价”栏。"]
[{"$nulls":10},"表-09"]
["综合单价分析表"]
["工程名称：广东以色列理工学院蒸汽管道改造项目",{"$nulls":7},"标段：",null,"第 7 页  共 30 页"]
["项目编码",null,"030802003004",null,"项目名称","304不锈无缝钢管",{"$nulls":3},"计量单位",null,"m","工程量",20]
["清单综合单价组成明细"]
["定额编号","定额项目名称","定额\n单位","数量","单价",{"$nulls":4},"合价"]
[{"$nulls":4},"人工费","材料费","机具费","管理费\n和利润",null,"人工费",null,"材料费","机具费","管理费\n和利润"]
["C8-2-134","低压 不锈钢管(氩弧焊) 公称直径(mm以内) 50","10m",0.1,97.09,637.91,12.61,54.14,null,9.71,null,63.79,1.26,5.41]
["C8-17-123","低中压管道液压试验 公称直径(mm以内) 100","100m",0.01,421.62,44.04,10.25,213.12,null,4.22,null,0.44,0.1,2.13]
["C8-17-183","蒸汽吹扫 公称直径(mm以内) 50","100m",0.01,191.18,457.48,7.06,97.83,null,1.91,null,4.57,0.07,0.98]
["C12-5-38","纤维类制品(管壳、棉管)安装 管道φ57以下 厚度(mm以内) 40","m3",0.0082,597.33,1666.88,32.61,255.51,null,4.9,null,13.66,0.27,2.09]
["C12-5-217","防潮层、保护层安装 铁皮保护层 铆钉固定","10m2",0.0367,32.84,575.01,null,13.32,null,1.21,null,21.12,null,0.49]
["人工单价",null,"小计",{"$nulls":6},21.95,null,103.58,1.7,11.1]
[null,null,"未计价材料费",{"$nulls":6},97.66]
["清单项目综合单价",{"$nulls":8},138.34]
["材\n料\n费\n明\n细","主要材料名称、规格、型号",{"$nulls":4},"单位","数量",null,"单价（元）",null,"合价（元）","暂估单价\n（元）","暂估合价\n（元）"]
[null,"铝箔胶带 20m",{"$nulls":4},"卷",0.0144,null,65.6,null,0.94]
[null,"30mm岩棉 ",{"$nulls":4},"m3",8.6E-3,null,1450,null,12.47]
[null,"铝皮1.0mm ",{"$nulls":4},"m2",0.4409,null,47.72,null,21.04]
["注：1.如不使用省级或行业建设主管部门发布的计价依据，可不填定额编码、名称等；\n    2.招标文件提供了暂估单价的材料，按暂估的单价填入表内“暂估单价”栏及“暂估合价”栏。"]
[{"$nulls":10},"表-09"]
["综合单价分析表"]
["工程名称：广东以色列理工学院蒸汽管道改造项目",{"$nulls":7},"标段：",null,"第 8 页  共 30 页"]
[null,"304不锈无缝钢管φ57×3 ",{"$nulls":4},"m",0.974,null,64.89,null,63.2]
[null,"其他材料费",{"$nulls":7},"-",null,5.95,"-"]
[null,"材料费小计",{"$nulls":7},"-",null,103.6,"-"]
{"$rows_empty":17}
["注：1.如不使用省级或行业建设主管部门发布的计价依据，可不填定额编码、名称等；\n    2.招标文件提供了暂估单价的材料，按暂估的单价填入表内“暂估单价”栏及“暂估合价”栏。"]
[{"$nulls":10},"表-09"]
["综合单价分析表"]
["工程名称：广东以色列理工学院蒸汽管道改造项目",{"$nulls":7},"标段：",null,"第 9 页  共 30 页"]
["项目编码",null,"030808003001",null,"项目名称","不锈钢法兰截止阀",{"$nulls":3},"计量单位",null,"个","工程量",5]
["清单综合单价组成明细"]
["定额编号","定额项目名称","定额\n单位","数量","单价",{"$nulls":4},"合价"]
[{"$nulls":4},"人工费","材料费","机具费","管理费\n和利润",null,"人工费",null,"材料费","机具费","管理费\n和利润"]
["C8-8-17","低压 法兰阀门 公称直径(mm以内) 40","个",1,26.35,1033.34,3.54,14.75,null,26.35,null,1033.34,3.54,14.75]
["人工单价",null,"小计",{"$nulls":6},26.35,null,1033.34,3.54,14.75]
[null,null,"未计价材料费",{"$nulls":6},1029.35]
["清单项目综合单价",{"$nulls":8},1077.98]
["材\n料\n费\n明\n细","主要材料名称、规格、型号",{"$nulls":4},"单位","数量",null,"单价（元）",null,"合价（元）","暂估单价\n（元）","暂估合价\n（元）"]
[null,"不锈钢法兰截止阀DN40 ",{"$nulls":4},"个",1,null,1029.35,null,1029.35]
[null,"其他材料费",{"$nulls":7},"-",null,4,"-"]
[null,"材料费小计",{"$nulls":7},"-",null,1033.35,"-"]
{"$rows_empty":7}
["注：1.如不使用省级或行业建设主管部门发布的计价依据，可不填定额编码、名称等；\n    2.招标文件提供了暂估单价的材料，按暂估的单价填入表内“暂估单价”栏及“暂估合价”栏。"]
[{"$nulls":10},"表-09"]
["综合单价分析表"]
["工程名称：广东以色列理工学院蒸汽管道改造项目",{"$nulls":7},"标段：",null,"第 10 页  共 30 页"]
["项目编码",null,"030808003002",null,"项目名称","不锈钢法兰截止阀",{"$nulls":3},"计量单位",null,"个","工程量",3]
["清单综合单价组成明细"]
["定额编号","定额项目名称","定额\n单位","数量","单价",{"$nulls":4},"合价"]
[{"$nulls":4},"人工费","材料费","机具费","管理费\n和利润",null,"人工费",null,"材料费","机具费","管理费\n和利润"]
["C8-8-15","低压 法兰阀门 公称直径(mm以内) 25","个",1,24.03,591.63,3.11,13.4,null,24.03,null,591.63,3.11,13.4]
["人工单价",null,"小计",{"$nulls":6},24.03,null,591.63,3.11,13.4]
[null,null,"未计价材料费",{"$nulls":6},588.2]
["清单项目综合单价",{"$nulls":8},632.17]
["材\n料\n费\n明\n细","主要材料名称、规格、型号",{"$nulls":4},"单位","数量",null,"单价（元）",null,"合价（元）","暂估单价\n（元）","暂估合价\n（元）"]
[null,"不锈钢法兰截止阀DN25 ",{"$nulls":4},"个",1,null,588.2,null,588.2]
[null,"其他材料费",{"$nulls":7},"-",null,3.43,"-"]
[null,"材料费小计",{"$nulls":7},"-",null,591.63,"-"]
{"$rows_empty":7}
["注：1.如不使用省级或行业建设主管部门发布的计价依据，可不填定额编码、名称等；\n    2.招标文件提供了暂估单价的材料，按暂估的单价填入表内“暂估单价”栏及“暂估合价”栏。"]
[{"$nulls":10},"表-09"]
["综合单价分析表"]
["工程名称：广东以色列理工学院蒸汽管道改造项目",{"$nulls":7},"标段：",null,"第 11 页  共 30 页"]
["项目编码",null,"030808003003",null,"项目名称","不锈钢法兰式过滤器",{"$nulls":3},"计量单位",null,"个","工程量",1]
["清单综合单价组成明细"]
["定额编号","定额项目名称","定额\n单位","数量","单价",{"$nulls":4},"合价"]
[{"$nulls":4},"人工费","材料费","机具费","管理费\n和利润",null,"人工费",null,"材料费","机具费","管理费\n和利润"]
["C8-8-17","低压 法兰阀门 公称直径(mm以内) 40","个",1,26.35,851.19,3.54,14.75,null,26.35,null,851.19,3.54,14.75]
["人工单价",null,"小计",{"$nulls":6},26.35,null,851.19,3.54,14.75]
[null,null,"未计价材料费",{"$nulls":6},847.2]
["清单项目综合单价",{"$nulls":8},895.83]
["材\n料\n费\n明\n细","主要材料名称、规格、型号",{"$nulls":4},"单位","数量",null,"单价（元）",null,"合价（元）","暂估单价\n（元）","暂估合价\n（元）"]
[null,"不锈钢法兰式过滤器DN40 ",{"$nulls":4},"个",1,null,847.2,null,847.2]
[null,"其他材料费",{"$nulls":7},"-",null,4,"-"]
[null,"材料费小计",{"$nulls":7},"-",null,851.2,"-"]
{"$rows_empty":7}
["注：1.如不使用省级或行业建设主管部门发布的计价依据，可不填定额编码、名称等；\n    2.招标文件提供了暂估单价的材料，按暂估的单价填入表内“暂估单价”栏及“暂估合价”栏。"]
[{"$nulls":10},"表-09"]
["综合单价分析表"]
["工程名称：广东以色列理工学院蒸汽管道改造项目",{"$nulls":7},"标段：",null,"第 12 页  共 30 页"]
["项目编码",null,"030808003004",null,"项目名称","蒸汽减压阀",{"$nulls":3},"计量单位",null,"个","工程量",1]
["清单综合单价组成明细"]
["定额编号","定额项目名称","定额\n单位","数量","单价",{"$nulls":4},"合价"]
[{"$nulls":4},"人工费","材料费","机具费","管理费\n和利润",null,"人工费",null,"材料费","机具费","管理费\n和利润"]
["C8-8-17","低压 法兰阀门 公称直径(mm以内) 40","个",1,26.35,1503.14,3.54,14.75,null,26.35,null,1503.14,3.54,14.75]
["人工单价",null,"小计",{"$nulls":6},26.35,null,1503.14,3.54,14.75]
[null,null,"未计价材料费",{"$nulls":6},1499.15]
["清单项目综合单价",{"$nulls":8},1547.78]
["材\n料\n费\n明\n细","主要材料名称、规格、型号",{"$nulls":4},"单位","数量",null,"单价（元）",null,"合价（元）","暂估单价\n（元）","暂估合价\n（元）"]
[null,"蒸汽减压阀DN40 ",{"$nulls":4},"个",1,null,1499.15,null,1499.15]
[null,"其他材料费",{"$nulls":7},"-",null,4,"-"]
[null,"材料费小计",{"$nulls":7},"-",null,1503.15,"-"]
{"$rows_empty":7}
["注：1.如不使用省级或行业建设主管部门发布的计价依据，可不填定额编码、名称等；\n    2.招标文件提供了暂估单价的材料，按暂估的单价填入表内“暂估单价”栏及“暂估合价”栏。"]
[{"$nulls":10},"表-09"]
["综合单价分析表"]
["工程名称：广东以色列理工学院蒸汽管道改造项目",{"$nulls":7},"标段：",null,"第 13 页  共 30 页"]
["项目编码",null,"030808003005",null,"项目名称","针型阀+压力表+缓冲管",{"$nulls":3},"计量单位",null,"套","工程量",4]
["清单综合单价组成明细"]
["定额编号","定额项目名称","定额\n单位","数量","单价",{"$nulls":4},"合价"]
[{"$nulls":4},"人工费","材料费","机具费","管理费\n和利润",null,"人工费",null,"材料费","机具费","管理费\n和利润"]
["C8-8-17","低压 法兰阀门 公称直径(mm以内) 40","个",1,26.35,209.75,3.54,14.75,null,26.35,null,209.75,3.54,14.75]
["人工单价",null,"小计",{"$nulls":6},26.35,null,209.75,3.54,14.75]
[null,null,"未计价材料费",{"$nulls":6},205.76]
["清单项目综合单价",{"$nulls":8},254.39]
["材\n料\n费\n明\n细","主要材料名称、规格、型号",{"$nulls":4},"单位","数量",null,"单价（元）",null,"合价（元）","暂估单价\n（元）","暂估合价\n（元）"]
[null,"针型阀+压力表+缓冲管 ",{"$nulls":4},"个",1,null,205.76,null,205.76]
[null,"其他材料费",{"$nulls":7},"-",null,4,"-"]
[null,"材料费小计",{"$nulls":7},"-",null,209.76,"-"]
{"$rows_empty":7}
["注：1.如不使用省级或行业建设主管部门发布的计价依据，可不填定额编码、名称等；\n    2.招标文件提供了暂估单价的材料，按暂估的单价填入表内“暂估单价”栏及“暂估合价”栏。"]
[{"$nulls":10},"表-09"]
["综合单价分析表"]
["工程名称：广东以色列理工学院蒸汽管道改造项目",{"$nulls":7},"标段：",null,"第 14 页  共 30 页"]
["项目编码",null,"030808003006",null,"项目名称","安全阀",{"$nulls":3},"计量单位",null,"个","工程量",1]
["清单综合单价组成明细"]
["定额编号","定额项目名称","定额\n单位","数量","单价",{"$nulls":4},"合价"]
[{"$nulls":4},"人工费","材料费","机具费","管理费\n和利润",null,"人工费",null,"材料费","机具费","管理费\n和利润"]
["C8-8-17","低压 法兰阀门 公称直径(mm以内) 40","个",1,26.35,1000.92,3.54,14.75,null,26.35,null,1000.92,3.54,14.75]
["人工单价",null,"小计",{"$nulls":6},26.35,null,1000.92,3.54,14.75]
[null,null,"未计价材料费",{"$nulls":6},996.93]
["清单项目综合单价",{"$nulls":8},1045.56]
["材\n料\n费\n明\n细","主要材料名称、规格、型号",{"$nulls":4},"单位","数量",null,"单价（元）",null,"合价（元）","暂估单价\n（元）","暂估合价\n（元）"]
[null,"安全阀DN40 0.3-0.7 ",{"$nulls":4},"个",1,null,996.93,null,996.93]
[null,"其他材料费",{"$nulls":7},"-",null,4,"-"]
[null,"材料费小计",{"$nulls":7},"-",null,1000.93,"-"]
{"$rows_empty":7}
["注：1.如不使用省级或行业建设主管部门发布的计价依据，可不填定额编码、名称等；\n    2.招标文件提供了暂估单价的材料，按暂估的单价填入表内“暂估单价”栏及“暂估合价”栏。"]
[{"$nulls":10},"表-09"]
["综合单价分析表"]
["工程名称：广东以色列理工学院蒸汽管道改造项目",{"$nulls":7},"标段：",null,"第 15 页  共 30 页"]
["项目编码",null,"030808003007",null,"项目名称","疏水阀（组）",{"$nulls":3},"计量单位",null,"套","工程量",3]
["清单综合单价组成明细"]
["定额编号","定额项目名称","定额\n单位","数量","单价",{"$nulls":4},"合价"]
[{"$nulls":4},"人工费","材料费","机具费","管理费\n和利润",null,"人工费",null,"材料费","机具费","管理费\n和利润"]
["C8-8-14","低压 法兰阀门 公称直径(mm以内) 20","个",3,24.03,372.39,3.11,13.4,null,72.09,null,1117.17,9.33,40.2]
["C8-8-14","低压 法兰阀门 公称直径(mm以内) 20","个",1,24.03,279.19,3.11,13.4,null,24.03,null,279.19,3.11,13.4]
["人工单价",null,"小计",{"$nulls":6},96.12,null,1396.36,12.44,53.6]
[null,null,"未计价材料费",{"$nulls":6},1383.6]
["清单项目综合单价",{"$nulls":8},1558.52]
["材\n料\n费\n明\n细","主要材料名称、规格、型号",{"$nulls":4},"单位","数量",null,"单价（元）",null,"合价（元）","暂估单价\n（元）","暂估合价\n（元）"]
[null,"不锈钢法兰球阀DN20 ",{"$nulls":4},"个",3,null,369.2,null,1107.6]
[null,"不锈钢疏水阀DN20 ",{"$nulls":4},"个",1,null,276,null,276]
[null,"其他材料费",{"$nulls":7},"-",null,12.8,"-"]
[null,"材料费小计",{"$nulls":7},"-",null,1396.4,"-"]
[]
[]
[]
[]
["注：1.如不使用省级或行业建设主管部门发布的计价依据，可不填定额编码、名称等；\n    2.招标文件提供了暂估单价的材料，按暂估的单价填入表内“暂估单价”栏及“暂估合价”栏。"]
[{"$nulls":10},"表-09"]
["综合单价分析表"]
["工程名称：广东以色列理工学院蒸汽管道改造项目",{"$nulls":7},"标段：",null,"第 16 页  共 30 页"]
["项目编码",null,"030817002002",null,"项目名称","不锈钢分汽缸",{"$nulls":3},"计量单位",null,"台","工程量",1]
["清单综合单价组成明细"]
["定额编号","定额项目名称","定额\n单位","数量","单价",{"$nulls":4},"合价"]
[{"$nulls":4},"人工费","材料费","机具费","管理费\n和利润",null,"人工费",null,"材料费","机具费","管理费\n和利润"]
["C8-17-32","蒸汽分汽缸安装 每个重(kg) 50","个",1,288.72,3873.13,2.42,143.68,null,288.72,null,3873.13,2.42,143.68]
["C12-5-5","设备 纤维类制品安装 厚度(mm以内) 40","m3",0.0064,830.47,1652.34,32.61,350.07,null,5.29,null,10.52,0.21,2.23]
["C12-5-217","防潮层、保护层安装 铁皮保护层 铆钉固定","10m2",0.0562,32.84,575.01,null,13.32,null,1.85,null,32.32,null,0.75]
["人工单价",null,"小计",{"$nulls":6},295.86,null,3915.97,2.63,146.66]
[null,null,"未计价材料费",{"$nulls":6},3913.12]
["清单项目综合单价",{"$nulls":8},4361.11]
["材\n料\n费\n明\n细","主要材料名称、规格、型号",{"$nulls":4},"单位","数量",null,"单价（元）",null,"合价（元）","暂估单价\n（元）","暂估合价\n（元）"]
[null,"不锈钢分汽缸￠159（设计10MPa） ",{"$nulls":4},"个",1,null,3871.22,null,3871.22]
[null,"10mm岩棉 ",{"$nulls":4},"m3",0.0067,null,1450,null,9.72]
[null,"铝皮1.0mm ",{"$nulls":4},"m2",0.6745,null,47.72,null,32.19]
[null,"其他材料费",{"$nulls":7},"-",null,2.87,"-"]
[null,"材料费小计",{"$nulls":7},"-",null,3916,"-"]
[]
[]
["注：1.如不使用省级或行业建设主管部门发布的计价依据，可不填定额编码、名称等；\n    2.招标文件提供了暂估单价的材料，按暂估的单价填入表内“暂估单价”栏及“暂估合价”栏。"]
[{"$nulls":10},"表-09"]
["综合单价分析表"]
["工程名称：广东以色列理工学院蒸汽管道改造项目",{"$nulls":7},"标段：",null,"第 17 页  共 30 页"]
["项目编码",null,"030811004001",null,"项目名称","不锈钢法兰",{"$nulls":3},"计量单位",null,"片","工程量",12]
["清单综合单价组成明细"]
["定额编号","定额项目名称","定额\n单位","数量","单价",{"$nulls":4},"合价"]
[{"$nulls":4},"人工费","材料费","机具费","管理费\n和利润",null,"人工费",null,"材料费","机具费","管理费\n和利润"]
["C8-11-106","低压 不锈钢平焊法兰(电弧焊) 公称直径(mm以内) 40  \u007f","副",0.5,35.02,128.88,5.05,19.77,null,17.51,null,64.44,2.53,9.89]
["人工单价",null,"小计",{"$nulls":6},17.51,null,64.44,2.53,9.89]
[null,null,"未计价材料费",{"$nulls":6},61.86]
["清单项目综合单价",{"$nulls":8},94.36]
["材\n料\n费\n明\n细","主要材料名称、规格、型号",{"$nulls":4},"单位","数量",null,"单价（元）",null,"合价（元）","暂估单价\n（元）","暂估合价\n（元）"]
[null,"不锈钢法兰盘DN40 ",{"$nulls":4},"片",1,null,61.86,null,61.86]
[null,"其他材料费",{"$nulls":7},"-",null,2.59,"-"]
[null,"材料费小计",{"$nulls":7},"-",null,64.45,"-"]
[]
[]
[]
[]
[]
[]
["注：1.如不使用省级或行业建设主管部门发布的计价依据，可不填定额编码、名称等；\n    2.招标文件提供了暂估单价的材料，按暂估的单价填入表内“暂估单价”栏及“暂估合价”栏。"]
[{"$nulls":10},"表-09"]
["综合单价分析表"]
["工程名称：广东以色列理工学院蒸汽管道改造项目",{"$nulls":7},"标段：",null,"第 18 页  共 30 页"]
["项目编码",null,"030811004002",null,"项目名称","不锈钢法兰",{"$nulls":3},"计量单位",null,"片","工程量",3]
["清单综合单价组成明细"]
["定额编号","定额项目名称","定额\n单位","数量","单价",{"$nulls":4},"合价"]
[{"$nulls":4},"人工费","材料费","机具费","管理费\n和利润",null,"人工费",null,"材料费","机具费","管理费\n和利润"]
["C8-11-105","低压 不锈钢平焊法兰(电弧焊) 公称直径(mm以内) 32","副",0.5,30.62,105.27,3.83,17,null,15.31,null,52.64,1.92,8.5]
["人工单价",null,"小计",{"$nulls":6},15.31,null,52.64,1.92,8.5]
[null,null,"未计价材料费",{"$nulls":6},50.62]
["清单项目综合单价",{"$nulls":8},78.36]
["材\n料\n费\n明\n细","主要材料名称、规格、型号",{"$nulls":4},"单位","数量",null,"单价（元）",null,"合价（元）","暂估单价\n（元）","暂估合价\n（元）"]
[null,"不锈钢法兰盘DN32 ",{"$nulls":4},"片",1,null,50.62,null,50.62]
[null,"其他材料费",{"$nulls":7},"-",null,2.03,"-"]
[null,"材料费小计",{"$nulls":7},"-",null,52.65,"-"]
[]
[]
[]
[]
[]
[]
["注：1.如不使用省级或行业建设主管部门发布的计价依据，可不填定额编码、名称等；\n    2.招标文件提供了暂估单价的材料，按暂估的单价填入表内“暂估单价”栏及“暂估合价”栏。"]
[{"$nulls":10},"表-09"]
["综合单价分析表"]
["工程名称：广东以色列理工学院蒸汽管道改造项目",{"$nulls":7},"标段：",null,"第 19 页  共 30 页"]
["项目编码",null,"030811004003",null,"项目名称","不锈钢法兰",{"$nulls":3},"计量单位",null,"片","工程量",8]
["清单综合单价组成明细"]
["定额编号","定额项目名称","定额\n单位","数量","单价",{"$nulls":4},"合价"]
[{"$nulls":4},"人工费","材料费","机具费","管理费\n和利润",null,"人工费",null,"材料费","机具费","管理费\n和利润"]
["C8-11-120","低压 不锈钢对焊法兰(电弧焊) 公称直径(mm以内) 25","副",0.5,21.98,83.48,2.81,12.24,null,10.99,null,41.74,1.41,6.12]
["人工单价",null,"小计",{"$nulls":6},10.99,null,41.74,1.41,6.12]
[null,null,"未计价材料费",{"$nulls":6},40.5]
["清单项目综合单价",{"$nulls":8},60.26]
["材\n料\n费\n明\n细","主要材料名称、规格、型号",{"$nulls":4},"单位","数量",null,"单价（元）",null,"合价（元）","暂估单价\n（元）","暂估合价\n（元）"]
[null,"不锈钢法兰盘DN32 ",{"$nulls":4},"片",1,null,40.5,null,40.5]
[null,"其他材料费",{"$nulls":7},"-",null,1.25,"-"]
[null,"材料费小计",{"$nulls":7},"-",null,41.75,"-"]
[]
[]
[]
[]
[]
[]
["注：1.如不使用省级或行业建设主管部门发布的计价依据，可不填定额编码、名称等；\n    2.招标文件提供了暂估单价的材料，按暂估的单价填入表内“暂估单价”栏及“暂估合价”栏。"]
[{"$nulls":10},"表-09"]
["综合单价分析表"]
["工程名称：广东以色列理工学院蒸汽管道改造项目",{"$nulls":7},"标段：",null,"第 20 页  共 30 页"]
["项目编码",null,"030805003001",null,"项目名称","不锈钢管件",{"$nulls":3},"计量单位",null,"个","工程量",30]
["清单综合单价组成明细"]
["定额编号","定额项目名称","定额\n单位","数量","单价",{"$nulls":4},"合价"]
[{"$nulls":4},"人工费","材料费","机具费","管理费\n和利润",null,"人工费",null,"材料费","机具费","管理费\n和利润"]
["C8-5-106","低压 不锈钢管件(氩弧焊) 公称直径(mm以内) 40","10个",0.1,257.93,538.45,115.12,184.1,null,25.79,null,53.85,11.51,18.41]
["人工单价",null,"小计",{"$nulls":6},25.79,null,53.85,11.51,18.41]
[null,null,"未计价材料费",{"$nulls":6},49.44]
["清单项目综合单价",{"$nulls":8},109.56]
["材\n料\n费\n明\n细","主要材料名称、规格、型号",{"$nulls":4},"单位","数量",null,"单价（元）",null,"合价（元）","暂估单价\n（元）","暂估合价\n（元）"]
[null,"不锈钢冲压弯头φ45 ",{"$nulls":4},"个",1,null,49.44,null,49.44]
[null,"其他材料费",{"$nulls":7},"-",null,4.41,"-"]
[null,"材料费小计",{"$nulls":7},"-",null,53.85,"-"]
[]
[]
[]
[]
[]
[]
["注：1.如不使用省级或行业建设主管部门发布的计价依据，可不填定额编码、名称等；\n    2.招标文件提供了暂估单价的材料，按暂估的单价填入表内“暂估单价”栏及“暂估合价”栏。"]
[{"$nulls":10},"表-09"]
["综合单价分析表"]
["工程名称：广东以色列理工学院蒸汽管道改造项目",{"$nulls":7},"标段：",null,"第 21 页  共 30 页"]
["项目编码",null,"030805003002",null,"项目名称","不锈钢管件",{"$nulls":3},"计量单位",null,"个","工程量",30]
["清单综合单价组成明细"]
["定额编号","定额项目名称","定额\n单位","数量","单价",{"$nulls":4},"合价"]
[{"$nulls":4},"人工费","材料费","机具费","管理费\n和利润",null,"人工费",null,"材料费","机具费","管理费\n和利润"]
["C8-5-104","低压 不锈钢管件(氩弧焊) 公称直径(mm以内) 25","10个",0.1,165.6,356.49,71.19,116.86,null,16.56,null,35.65,7.12,11.69]
["人工单价",null,"小计",{"$nulls":6},16.56,null,35.65,7.12,11.69]
[null,null,"未计价材料费",{"$nulls":6},32.96]
["清单项目综合单价",{"$nulls":8},71.01]
["材\n料\n费\n明\n细","主要材料名称、规格、型号",{"$nulls":4},"单位","数量",null,"单价（元）",null,"合价（元）","暂估单价\n（元）","暂估合价\n（元）"]
[null,"不锈钢冲压弯头φ25 ",{"$nulls":4},"个",1,null,32.96,null,32.96]
[null,"其他材料费",{"$nulls":7},"-",null,2.69,"-"]
[null,"材料费小计",{"$nulls":7},"-",null,35.65,"-"]
[]
[]
[]
[]
[]
[]
["注：1.如不使用省级或行业建设主管部门发布的计价依据，可不填定额编码、名称等；\n    2.招标文件提供了暂估单价的材料，按暂估的单价填入表内“暂估单价”栏及“暂估合价”栏。"]
[{"$nulls":10},"表-09"]
["综合单价分析表"]
["工程名称：广东以色列理工学院蒸汽管道改造项目",{"$nulls":7},"标段：",null,"第 22 页  共 30 页"]
["项目编码",null,"031003009001",null,"项目名称","不锈钢补偿器",{"$nulls":3},"计量单位",null,"个","工程量",1]
["清单综合单价组成明细"]
["定额编号","定额项目名称","定额\n单位","数量","单价",{"$nulls":4},"合价"]
[{"$nulls":4},"人工费","材料费","机具费","管理费\n和利润",null,"人工费",null,"材料费","机具费","管理费\n和利润"]
["C8-5-4","低压 碳钢管件(螺纹连接) 公称直径(mm以内) 32","10个",0.1,142.91,270.98,2.13,71.58,null,14.29,null,27.1,0.21,7.16]
["人工单价",null,"小计",{"$nulls":6},14.29,null,27.1,0.21,7.16]
[null,null,"未计价材料费",{"$nulls":6},26.26]
["清单项目综合单价",{"$nulls":8},48.76]
["材\n料\n费\n明\n细","主要材料名称、规格、型号",{"$nulls":4},"单位","数量",null,"单价（元）",null,"合价（元）","暂估单价\n（元）","暂估合价\n（元）"]
[null,"不锈钢补偿器DN32 ",{"$nulls":4},"个",1.01,null,26,null,26.26]
[null,"其他材料费",{"$nulls":7},"-",null,0.84,"-"]
[null,"材料费小计",{"$nulls":7},"-",null,27.1,"-"]
[]
[]
[]
[]
[]
[]
["注：1.如不使用省级或行业建设主管部门发布的计价依据，可不填定额编码、名称等；\n    2.招标文件提供了暂估单价的材料，按暂估的单价填入表内“暂估单价”栏及“暂估合价”栏。"]
[{"$nulls":10},"表-09"]
["综合单价分析表"]
["工程名称：广东以色列理工学院蒸汽管道改造项目",{"$nulls":7},"标段：",null,"第 23 页  共 30 页"]
["项目编码",null,"030805003003",null,"项目名称","不锈钢管件",{"$nulls":3},"计量单位",null,"个","工程量",3]
["清单综合单价组成明细"]
["定额编号","定额项目名称","定额\n单位","数量","单价",{"$nulls":4},"合价"]
[{"$nulls":4},"人工费","材料费","机具费","管理费\n和利润",null,"人工费",null,"材料费","机具费","管理费\n和利润"]
["C8-5-106","低压 不锈钢管件(氩弧焊) 公称直径(mm以内) 40","10个",0.1,257.93,480.75,115.12,184.1,null,25.79,null,48.08,11.51,18.41]
["人工单价",null,"小计",{"$nulls":6},25.79,null,48.08,11.51,18.41]
[null,null,"未计价材料费",{"$nulls":6},43.67]
["清单项目综合单价",{"$nulls":8},103.79]
["材\n料\n费\n明\n细","主要材料名称、规格、型号",{"$nulls":4},"单位","数量",null,"单价（元）",null,"合价（元）","暂估单价\n（元）","暂估合价\n（元）"]
[null,"不锈钢大小头φ45 变 φ32 ",{"$nulls":4},"个",1,null,43.67,null,43.67]
[null,"其他材料费",{"$nulls":7},"-",null,4.41,"-"]
[null,"材料费小计",{"$nulls":7},"-",null,48.08,"-"]
[]
[]
[]
[]
[]
[]
["注：1.如不使用省级或行业建设主管部门发布的计价依据，可不填定额编码、名称等；\n    2.招标文件提供了暂估单价的材料，按暂估的单价填入表内“暂估单价”栏及“暂估合价”栏。"]
[{"$nulls":10},"表-09"]
["综合单价分析表"]
["工程名称：广东以色列理工学院蒸汽管道改造项目",{"$nulls":7},"标段：",null,"第 24 页  共 30 页"]
["项目编码",null,"030805003004",null,"项目名称","不锈钢管件",{"$nulls":3},"计量单位",null,"个","工程量",2]
["清单综合单价组成明细"]
["定额编号","定额项目名称","定额\n单位","数量","单价",{"$nulls":4},"合价"]
[{"$nulls":4},"人工费","材料费","机具费","管理费\n和利润",null,"人工费",null,"材料费","机具费","管理费\n和利润"]
["C8-5-106","低压 不锈钢管件(氩弧焊) 公称直径(mm以内) 40","10个",0.1,257.93,480.75,115.12,184.1,null,25.79,null,48.08,11.51,18.41]
["人工单价",null,"小计",{"$nulls":6},25.79,null,48.08,11.51,18.41]
[null,null,"未计价材料费",{"$nulls":6},43.67]
["清单项目综合单价",{"$nulls":8},103.79]
["材\n料\n费\n明\n细","主要材料名称、规格、型号",{"$nulls":4},"单位","数量",null,"单价（元）",null,"合价（元）","暂估单价\n（元）","暂估合价\n（元）"]
[null,"不锈钢大小头φ45 变 φ25 ",{"$nulls":4},"个",1,null,43.67,null,43.67]
[null,"其他材料费",{"$nulls":7},"-",null,4.41,"-"]
[null,"材料费小计",{"$nulls":7},"-",null,48.08,"-"]
[]
[]
[]
[]
[]
[]
["注：1.如不使用省级或行业建设主管部门发布的计价依据，可不填定额编码、名称等；\n    2.招标文件提供了暂估单价的材料，按暂估的单价填入表内“暂估单价”栏及“暂估合价”栏。"]
[{"$nulls":10},"表-09"]
["综合单价分析表"]
["工程名称：广东以色列理工学院蒸汽管道改造项目",{"$nulls":7},"标段：",null,"第 25 页  共 30 页"]
["项目编码",null,"030815001001",null,"项目名称","管架制作安装",{"$nulls":3},"计量单位",null,"个","工程量",30]
["清单综合单价组成明细"]
["定额编号","定额项目名称","定额\n单位","数量","单价",{"$nulls":4},"合价"]
[{"$nulls":4},"人工费","材料费","机具费","管理费\n和利润",null,"人工费",null,"材料费","机具费","管理费\n和利润"]
["C8-15-1","管道支架制作安装 一般管架","100kg",0.05,800.33,517.78,192.42,489.92,null,40.02,null,25.89,9.62,24.5]
["人工单价",null,"小计",{"$nulls":6},40.02,null,25.89,9.62,24.5]
[null,null,"未计价材料费",{"$nulls":6},19.75]
["清单项目综合单价",{"$nulls":8},100.02]
["材\n料\n费\n明\n细","主要材料名称、规格、型号",{"$nulls":4},"单位","数量",null,"单价（元）",null,"合价（元）","暂估单价\n（元）","暂估合价\n（元）"]
[null,"50角钢支架 ",{"$nulls":4},"kg",5,null,3.95,null,19.75]
[null,"其他材料费",{"$nulls":7},"-",null,6.15,"-"]
[null,"材料费小计",{"$nulls":7},"-",null,25.9,"-"]
{"$rows_empty":7}
["注：1.如不使用省级或行业建设主管部门发布的计价依据，可不填定额编码、名称等；\n    2.招标文件提供了暂估单价的材料，按暂估的单价填入表内“暂估单价”栏及“暂估合价”栏。"]
[{"$nulls":10},"表-09"]
["综合单价分析表"]
["工程名称：广东以色列理工学院蒸汽管道改造项目",{"$nulls":7},"标段：",null,"第 26 页  共 30 页"]
["项目编码",null,"030413003001",null,"项目名称","机械钻孔",{"$nulls":3},"计量单位",null,"个","工程量",3]
["清单综合单价组成明细"]
["定额编号","定额项目名称","定额\n单位","数量","单价",{"$nulls":4},"合价"]
[{"$nulls":4},"人工费","材料费","机具费","管理费\n和利润",null,"人工费",null,"材料费","机具费","管理费\n和利润"]
["C4-13-25","机械钻孔(洞) 混凝土(孔径mm以内) φ65","个",1,22.44,null,4.86,13.31,null,22.44,null,null,4.86,13.31]
["人工单价",null,"小计",{"$nulls":6},22.44,null,null,4.86,13.31]
[null,null,"未计价材料费"]
["清单项目综合单价",{"$nulls":8},40.61]
["材\n料\n费\n明\n细","主要材料名称、规格、型号",{"$nulls":4},"单位","数量",null,"单价（元）",null,"合价（元）","暂估单价\n（元）","暂估合价\n（元）"]
{"$rows_empty":8}
["注：1.如不使用省级或行业建设主管部门发布的计价依据，可不填定额编码、名称等；\n    2.招标文件提供了暂估单价的材料，按暂估的单价填入表内“暂估单价”栏及“暂估合价”栏。"]
[{"$nulls":10},"表-09"]
["综合单价分析表"]
["工程名称：广东以色列理工学院蒸汽管道改造项目",{"$nulls":7},"标段：",null,"第 27 页  共 30 页"]
["项目编码",null,"011606003001",null,"项目名称","拆装600*600天花面板",{"$nulls":3},"计量单位",null,"m2","工程量",80]
["清单综合单价组成明细"]
["定额编号","定额项目名称","定额\n单位","数量","单价",{"$nulls":4},"合价"]
[{"$nulls":4},"人工费","材料费","机具费","管理费\n和利润",null,"人工费",null,"材料费","机具费","管理费\n和利润"]
["借A1-19-38","天棚饰面拆除 金属龙骨 其他装饰面","100m2",0.01,655.51,null,null,223.33,null,6.56,{"$nulls":3},2.23]
["借A1-14-130 换","铝板面层 600×600","100m2",0.01,923.52,57.06,null,323.87,null,9.24,null,0.57,null,3.24]
["人工单价",null,"小计",{"$nulls":6},15.8,null,0.57,null,5.47]
[null,null,"未计价材料费"]
["清单项目综合单价",{"$nulls":8},21.83]
["材\n料\n费\n明\n细","主要材料名称、规格、型号",{"$nulls":4},"单位","数量",null,"单价（元）",null,"合价（元）","暂估单价\n（元）","暂估合价\n（元）"]
[null,"其他材料费",{"$nulls":7},"-",null,0.57,"-"]
[null,"材料费小计",{"$nulls":7},"-",null,0.57,"-"]
[]
[]
[]
[]
[]
["注：1.如不使用省级或行业建设主管部门发布的计价依据，可不填定额编码、名称等；\n    2.招标文件提供了暂估单价的材料，按暂估的单价填入表内“暂估单价”栏及“暂估合价”栏。"]
[{"$nulls":10},"表-09"]
["综合单价分析表"]
["工程名称：广东以色列理工学院蒸汽管道改造项目",{"$nulls":7},"标段：",null,"第 28 页  共 30 页"]
["项目编码",null,"011606003002",null,"项目名称","拆装格栅天花",{"$nulls":3},"计量单位",null,"m2","工程量",200]
["清单综合单价组成明细"]
["定额编号","定额项目名称","定额\n单位","数量","单价",{"$nulls":4},"合价"]
[{"$nulls":4},"人工费","材料费","机具费","管理费\n和利润",null,"人工费",null,"材料费","机具费","管理费\n和利润"]
["借A1-19-38","天棚饰面拆除 金属龙骨 其他装饰面","100m2",0.01,655.51,null,null,223.33,null,6.56,{"$nulls":3},2.23]
["借A1-14-207 换","铝合金格栅天栅","100m2",0.01,1077.3,153.53,null,377.81,null,10.77,null,1.54,null,3.78]
["人工单价",null,"小计",{"$nulls":6},17.33,null,1.54,null,6.01]
[null,null,"未计价材料费"]
["清单项目综合单价",{"$nulls":8},24.87]
["材\n料\n费\n明\n细","主要材料名称、规格、型号",{"$nulls":4},"单位","数量",null,"单价（元）",null,"合价（元）","暂估单价\n（元）","暂估合价\n（元）"]
[null,"其他材料费",{"$nulls":7},"-",null,1.58,"-"]
[null,"材料费小计",{"$nulls":7},"-",null,1.58,"-"]
[]
[]
[]
[]
[]
["注：1.如不使用省级或行业建设主管部门发布的计价依据，可不填定额编码、名称等；\n    2.招标文件提供了暂估单价的材料，按暂估的单价填入表内“暂估单价”栏及“暂估合价”栏。"]
[{"$nulls":10},"表-09"]
["综合单价分析表"]
["工程名称：广东以色列理工学院蒸汽管道改造项目",{"$nulls":7},"标段：",null,"第 29 页  共 30 页"]
["项目编码",null,"031302007001",null,"项目名称","高层施工增加",{"$nulls":3},"计量单位",null,"项","工程量",1]
["清单综合单价组成明细"]
["定额编号","定额项目名称","定额\n单位","数量","单价",{"$nulls":4},"合价"]
[{"$nulls":4},"人工费","材料费","机具费","管理费\n和利润",null,"人工费",null,"材料费","机具费","管理费\n和利润"]
[null,null,"未计价材料费"]
["清单项目综合单价"]
["材\n料\n费\n明\n细","主要材料名称、规格、型号",{"$nulls":4},"单位","数量",null,"单价（元）",null,"合价（元）","暂估单价\n（元）","暂估合价\n（元）"]
{"$rows_empty":10}
["注：1.如不使用省级或行业建设主管部门发布的计价依据，可不填定额编码、名称等；\n    2.招标文件提供了暂估单价的材料，按暂估的单价填入表内“暂估单价”栏及“暂估合价”栏。"]
[{"$nulls":10},"表-09"]
["综合单价分析表"]
["工程名称：广东以色列理工学院蒸汽管道改造项目",{"$nulls":7},"标段：",null,"第 30 页  共 30 页"]
["项目编码",null,"031301017001",null,"项目名称","脚手架搭拆费",{"$nulls":3},"计量单位",null,"项","工程量",1]
["清单综合单价组成明细"]
["定额编号","定额项目名称","定额\n单位","数量","单价",{"$nulls":4},"合价"]
[{"$nulls":4},"人工费","材料费","机具费","管理费\n和利润",null,"人工费",null,"材料费","机具费","管理费\n和利润"]
["BM335","脚手架搭拆费(单独承担埋地管道工程除外)(工业管道工程)","元",1,487.87,{"$nulls":4},487.87]
["BM399","脚手架搭拆费(单独承担埋地管道工程除外)(给排水、采暖、燃气工程)","元",1]
["人工单价",null,"小计",{"$nulls":6},487.87]
[null,null,"未计价材料费"]
["清单项目综合单价",{"$nulls":8},487.87]
["材\n料\n费\n明\n细","主要材料名称、规格、型号",{"$nulls":4},"单位","数量",null,"单价（元）",null,"合价（元）","暂估单价\n（元）","暂估合价\n（元）"]
[null,"其他材料费",{"$nulls":7},"-",null,null,"-"]
[null,"材料费小计",{"$nulls":7},"-",null,null,"-"]
[]
[]
[]
[]
[]
["注：1.如不使用省级或行业建设主管部门发布的计价依据，可不填定额编码、名称等；\n    2.招标文件提供了暂估单价的材料，按暂估的单价填入表内“暂估单价”栏及“暂估合价”栏。"]
[{"$nulls":10},"表-09"]

{"sheet":"表-11 总价措施项目清单与计价表","index":3,"n_rows":49,"n_cols":11,"rows_kept":49,"merged":[[0,0,0,10],[1,0,1,5],[1,6,1,7],[1,8,1,10],[2,5,2,6],[2,7,2,8],[3,5,3,6],[3,7,3,8],[4,5,4,6],[4,7,4,8],[5,5,5,6],[5,7,5,8],[6,5,6,6],[6,7,6,8],[7,5,7,6],[7,7,7,8],[8,5,8,6],[8,7,8,8],[9,5,9,6],[9,7,9,8],[10,5,10,6],[10,7,10,8],[11,5,11,6],[11,7,11,8],[12,0,12,5],[12,6,12,10],[13,0,13,5],[13,6,13,7],[13,8,13,10],[14,0,14,10],[15,0,15,5],[15,6,15,7],[15,8,15,10],[16,5,16,6],[16,7,16,8],[17,5,17,6],[17,7,17,8],[18,5,18,6],[18,7,18,8],[19,5,19,6],[19,7,19,8],[20,5,20,6],[20,7,20,8],[21,5,21,6],[21,7,21,8],[22,5,22,6],[22,7,22,8],[23,5,23,6],[23,7,23,8],[24,5,24,6],[24,7,24,8],[25,5,25,6],[25,7,25,8],[26,5,26,6],[26,7,26,8],[27,5,27,6],[27,7,27,8],[28,5,28,6],[28,7,28,8],[29,5,29,6],[29,7,29,8],[30,5,30,6],[30,7,30,8],[31,5,31,6],[31,7,31,8],[32,5,32,6],[32,7,32,8],[33,5,33,6],[33,7,33,8],[34,5,34,6],[34,7,34,8],[35,5,35,6],[35,7,35,8],[36,5,36,6],[36,7,36,8],[37,5,37,6],[37,7,37,8],[38,5,38,6],[38,7,38,8],[39,5,39,6],[39,7,39,8],[40,5,40,6],[40,7,40,8],[41,5,41,6],[41,7,41,8],[42,5,42,6],[42,7,42,8],[43,5,43,6],[43,7,43,8],[44,5,44,6],[44,7,44,8],[45,5,45,6],[45,7,45,8],[46,0,46,4],[46,5,46,6],[46,7,46,8],[47,0,47,5],[47,6,47,10],[48,0,48,5],[48,6,48,7],[48,8,48,10]]}
["总价措施项目清单与计价表"]
["工程名称：广东以色列理工学院蒸汽管道改造项目",{"$nulls":5},"标段：",null,"第 1 页  共 2 页"]
["序号","项目编码","项目名称","计算基础","费率\n(%)","金额\n(元)",null,"调整\n费率(%)",null,"调整后\n金额(元)","备注"]
["1","LSSGCSF00001","绿色施工安全防护措施费","分部分项人工费+分部分项机具费","35.77",{"$nulls":5},"以分部分项的人工费与施工机具费之和为计算基础，费率35.77%"]
["2","031301010001","安装与生产同时进行增加费用","分部分项人工费","0",{"$nulls":5},"按人工费的10%计算"]
["3","031301011001","在有害身体健康环境中施工增加费","分部分项人工费","0",{"$nulls":5},"按人工费的10%计算"]
["4","TSSGBWZJF001","在地下（暗）室、设备及大口径管道内等特殊施工部位进行施工增加费",null,"30",{"$nulls":5},"按该部分人工费的30%计算"]
["5","粤031302008001","赶工措施费","分部分项人工费+分部分项机具费","0",{"$nulls":5},"赶工措施费=（1-δ）*分部分项（人工费+施工机具费）*0.344 （0.8≤δ＜1   式中：δ=合同工期/定额工期）"]
["6","031302002001","夜间施工增加费",null,"20",{"$nulls":5},"按其夜间施工项目人工费的20%计算"]
["7","JTGRSGZJF001","交通干扰工程施工增加费",null,"10",{"$nulls":5},"按在市政道路上施工项目人工费的10%计算"]
["8","粤031302009001","文明工地增加费","分部分项人工费+分部分项机具费","0",{"$nulls":5},"以分部分项的人工费与施工机具费之和为计算基础；市级文明工地1.00%；省级文明工地2.00%"]
["9","DXGXJCJXF001","地下管线交叉降效费",{"$nulls":7},"按实际发生或经批准的施工方案计"]
["编制人（造价人员）：",{"$nulls":5},"复核人（造价工程师）："]
[{"$nulls":8},"表-11"]
["总价措施项目清单与计价表"]
["工程名称：广东以色列理工学院蒸汽管道改造项目",{"$nulls":5},"标段：",null,"第 2 页  共 2 页"]
["序号","项目编码","项目名称","计算基础","费率\n(%)","金额\n(元)",null,"调整\n费率(%)",null,"调整后\n金额(元)","备注"]
[{"$nulls":10},"算"]
["10","QTFY00000001","其他费用",{"$nulls":7},"按实际发生或经批准的施工组织设计方案计算"]
{"$rows_empty":27}
["合    计"]
["编制人（造价人员）：",{"$nulls":5},"复核人（造价工程师）："]
[{"$nulls":8},"表-11"]

{"sheet":"表-12 其他项目清单与计价汇总表","index":4,"n_rows":38,"n_cols":7,"rows_kept":38,"merged":[[0,0,0,4],[0,5,0,6],[1,0,1,6],[2,0,2,2],[2,3,2,4],[2,5,2,6],[3,2,3,3],[3,4,3,5],[4,2,4,3],[4,4,4,5],[5,2,5,3],[5,4,5,5],[6,2,6,3],[6,4,6,5],[7,2,7,3],[7,4,7,5],[8,2,8,3],[8,4,8,5],[9,2,9,3],[9,4,9,5],[10,2,10,3],[10,4,10,5],[11,2,11,3],[11,4,11,5],[12,2,12,3],[12,4,12,5],[13,2,13,3],[13,4,13,5],[14,2,14,3],[14,4,14,5],[15,2,15,3],[15,4,15,5],[16,2,16,3],[16,4,16,5],[17,2,17,3],[17,4,17,5],[18,2,18,3],[18,4,18,5],[19,2,19,3],[19,4,19,5],[20,2,20,3],[20,4,20,5],[21,2,21,3],[21,4,21,5],[22,2,22,3],[22,4,22,5],[23,2,23,3],[23,4,23,5],[24,2,24,3],[24,4,24,5],[25,2,25,3],[25,4,25,5],[26,2,26,3],[26,4,26,5],[27,2,27,3],[27,4,27,5],[28,2,28,3],[28,4,28,5],[29,2,29,3],[29,4,29,5],[30,2,30,3],[30,4,30,5],[31,2,31,3],[31,4,31,5],[32,2,32,3],[32,4,32,5],[33,2,33,3],[33,4,33,5],[34,2,34,3],[34,4,34,5],[35,2,35,3],[35,4,35,5],[36,0,36,6],[37,0,37,2],[37,3,37,4],[37,5,37,6]]}
[]
["其他项目清单与计价汇总表"]
["工程名称：广东以色列理工学院蒸汽管道改造项目",null,null,"标段：",null,"第 1 页  共 1 页"]
["序号","项目名称","金额（元）",null,"结算金额（元）",null,"备注"]
["1","暂列金额",{"$nulls":4},"明细详见表-12-1"]
["2","暂估价"]
["2.1","材料暂估价","—",{"$nulls":3},"明细详见表-12-2"]
["2.2","专业工程暂估价",{"$nulls":4},"明细详见表-12-3"]
["3","计日工",{"$nulls":4},"明细详见表-12-4"]
["4","总承包服务费",{"$nulls":4},"明细详见表-12-5"]
["5","预算包干费"]
["6","工程优质费"]
["7","概算幅度差"]
["8","现场签证费用"]
["9","索赔费用"]
["10","其他费用"]
{"$rows_empty":19}
[null,"合  计",{"$nulls":4},"—"]
["注：材料（工程设备）暂估单价进入清单项目综合单价，此处不汇总。"]
[{"$nulls":5},"表—12"]

{"sheet":"表-13 规费、税金项目清单与计价表","index":5,"n_rows":37,"n_cols":8,"rows_kept":37,"merged":[[0,0,0,7],[1,0,1,2],[1,3,1,5],[1,6,1,7],[2,2,2,3],[2,5,2,6],[3,2,3,3],[3,5,3,6],[4,2,4,3],[4,5,4,6],[5,2,5,3],[5,5,5,6],[6,2,6,3],[6,5,6,6],[7,2,7,3],[7,5,7,6],[8,2,8,3],[8,5,8,6],[9,2,9,3],[9,5,9,6],[10,2,10,3],[10,5,10,6],[11,2,11,3],[11,5,11,6],[12,2,12,3],[12,5,12,6],[13,2,13,3],[13,5,13,6],[14,2,14,3],[14,5,14,6],[15,2,15,3],[15,5,15,6],[16,2,16,3],[16,5,16,6],[17,2,17,3],[17,5,17,6],[18,2,18,3],[18,5,18,6],[19,2,19,3],[19,5,19,6],[20,2,20,3],[20,5,20,6],[21,2,21,3],[21,5,21,6],[22,2,22,3],[22,5,22,6],[23,2,23,3],[23,5,23,6],[24,2,24,3],[24,5,24,6],[25,2,25,3],[25,5,25,6],[26,2,26,3],[26,5,26,6],[27,2,27,3],[27,5,27,6],[28,2,28,3],[28,5,28,6],[29,2,29,3],[29,5,29,6],[30,2,30,3],[30,5,30,6],[31,2,31,3],[31,5,31,6],[32,2,32,3],[32,5,32,6],[33,2,33,3],[33,5,33,6],[34,0,34,6],[35,0,35,2],[35,3,35,7],[36,0,36,2],[36,3,36,5],[36,6,36,7]]}
["规费、税金项目清单与计价表"]
["工程名称：广东以色列理工学院蒸汽管道改造项目",null,null,"标段：",null,null,"第 1 页  共 1 页"]
["序号","项目名称","计算基础",null,"计算基数","计算费率\n(%)",null,"金额(元)"]
["1","增值税销项税额","分部分项合计+措施合计+其他项目",null,null,"9"]
{"$rows_empty":30}
["合    计"]
[" 编制人（造价人员）：",null,null,"复核人（造价工程师）："]
[{"$nulls":6},"表—13"]